1266 1903 1186 1100 1275 1456 1431 1701 1038 1775 1165 1674 1557 1871 1508 1853 1629 1027 1478 1500 1695 1524 1225 1586 1897 1165 1081 1866 1957 1861 1788 1238 1468 1231 1393 1700 1689 1214 1448 1177 1160 1407 1181 1881 1008 1602 1455 1213 1106 1870 1176 1588 1794 1779 1602 1587 1299 1004 1266 1618 1628 1071 1061 1005 1730 1667 1444 1772 1057 1480 1507 1422 1061 1286 1312 1603 1124 1022 1960 1353 1902 1596 1275 1584 1920 1993 1130 1233 1842 1520 1423 1093 1798 1733 1143 1448 1105 1391 1412 BCNSPRNW ULIB Ver.6.0+V

เปลี่ยนเป็นภาษาไทย

Change to English
 แสดงรายละเอียดบรรณานุกรม
  กลับหน้าหลัก

Brief Record : Get Marc (ISO 2709) : E-mail record : QR code < ปิดหน้าต่าง
LEADER : 00000nam 2200000uu 4500
001    13399121928
003     ULIB
008    121214s2547||||th 000 0 tha d
020    ^a9470502962
060 04 ^aWM172^bส373ค 2547
100 0  ^aสมภพ เรืองตระกูล
245 10 ^aความเครียดและอาการทางจิตเวช /^cสมภพ เรืองตระกูล
250    ^aพิมพ์ครั้งที่ 1
260    ^aกรุงเทพฯ :^bเรือนแก้วการพิมพ์,^c2547
300    ^a360 หน้า
440  0 ^aตำราจิตเวชศาสตร์สำหรับแพทย์เวชศาสตร์ครอบครัวชุดที่ 6
504    ^aมีบรรณานุกรมและดรรชนีประกอบ
650  2 ^aStress
710 20 ^aมหาวิทยาลัยมหิดล.^bคณะแพทยศาสตร์ศิริราชพยาบาล
945    ^p350^l0^i15136
945    ^p350^l0^i13908
945    ^p350^l0^i13910
995    ^aทศพร
999    ^aทศพร เกษรทอง
รายการนี้ยังไม่มีแท็ก
คุณยังไม่ได้ล็อกอิน คุณสามารถมีกิจกรรมร่วมกับเว็บไซต์ได้ แต่ต้องล็อกอินก่อน ::
  ล็อกอิน

รายการสื่อสารสนเทศ

ลำดับที่ ประเภท เลขเรียก/บาร์โค้ด สถานที่ สถานะ
1. วิทยาศาสตร์การแพทย์ และสุขภาพ
วิทยาศาสตร์การแพทย์ และสุขภาพ
WM172 ส373ค 2547 ฉ.1 
  Barcode: 13910
ห้องสมุดวิทยาเขตสวรรค์ประชารักษ์
►หนังสือทั่วไป
บนชั้น
2. วิทยาศาสตร์การแพทย์ และสุขภาพ
วิทยาศาสตร์การแพทย์ และสุขภาพ
WM172 ส373ค 2547 ฉ.2 
  Barcode: 13908
ห้องสมุดวิทยาเขตสวรรค์ประชารักษ์
►หนังสือทั่วไป
บนชั้น
3. วิทยาศาสตร์การแพทย์ และสุขภาพ
วิทยาศาสตร์การแพทย์ และสุขภาพ
WM172 ส373ค 2547 ฉ.3 
  Barcode: 15136
ห้องสมุดวิทยาเขตสวรรค์ประชารักษ์
►หนังสือทั่วไป
บนชั้น

รายการใกล้เคียง
    ผู้แต่ง [สมภพ เรืองตระกูล]

    หัวเรื่อง [Stress]

BibComment


ยังไม่เคยถูกคอมเมนท์

คอมเมนท์ทรัพยากรรายการนี้
  คอมเมนท์: ความเครียดและอาก..


 Copyright 2026. Bcnsprnw @Library